| 000 | 01322nam a22002777a 4500 | ||
|---|---|---|---|
| 005 | 20081114100930.0 | ||
| 008 | 081114t xxu||||| |||| 00| 0bhin d | ||
| 010 | _aHIN-84859 | ||
| 020 |
_a9788190606806 _c500.00 |
||
| 035 | _aHN-57205 | ||
| 037 | _bDBAD / PUB | ||
| 040 |
_aDPL _bHN |
||
| 082 | _a921 | ||
| 100 | _aअग्रवाल, विजय | ||
| 245 |
_aक्रांतिवीर सुभाष / _cविजय अग्रवाल |
||
| 246 |
_aKrantiveer Subhas _bby Vijay Agarwal |
||
| 260 |
_aदिल्ली _bअकादमिक प्रतिभा _c2008 |
||
| 270 |
_a42, एकता अपार्टमेंट, गीता कालोनी _bदिल्ली _e110031 _k011 22453953, 22445526, 9899242486 _mbooks@academicpratibha.com |
||
| 300 |
_a222पृ _c22सेमी (सजिल्द) |
||
| 600 | _aबोस, सुभाष चन्द्र, 1897-1945 | ||
| 600 | _aBose, Subhash Chandra, 1897-1945 | ||
| 650 |
_aराष्ट्रवादी _xजीवनी _zभारत |
||
| 650 |
_aNationalist _xBiography _zIndia |
||
| 942 |
_2ddc _cHN _mबोससु _h921 |
||
| 999 |
_c18364 _d18364 |
||